| 000 | 00515nam a2200193Ia 4500 | ||
|---|---|---|---|
| 008 | 090124s9999 xx 000 0 und d | ||
| 020 | _a81-263-0990-3 | ||
| 082 | _b43403 | ||
| 100 | _aपाल रामडास | ||
| 245 | _aPAAR PARE पार परे | ||
| 250 | _a1 | ||
| 260 | _c2004 | ||
| 300 | _a110 | ||
| 600 | _aपाल रामडास | ||
| 630 | _aPAAR PARE पार परे | ||
| 700 | _aपाल रामडास | ||
| 730 | _aPAAR PARE पार परे | ||
| 942 | _cBOOK | ||
| 999 |
_c109633 _d109633 |
||